00799 2200205 4500001002100000005001500021035002000036007000300056008004100059020002200100082001000122084001700132245010100149250001200250260003100262300004700293650001000340110002200350520022100372INLIS00000000000010620220610084823 a0010-0622000027ta220610 b 0 ind  a978-602-298-599-0 aR 500 aR 500 PEN k1 aKamus Sains Bergambar Junior :bReferensi Sains untuk Pelajar Sekolah Dasar /cPenerbit Erlangga aPertama aJakarta :bErlangga,c2014 a135 halaman :bilustrasi berwarna ;c25 cm 4aKamus0 aPenerbit Erlangga aKamus Sains Bergambar Junior menjabarkan berbagai pengetahuan sains secara gamblang dan sederhana, serta menjelaskan segala sesuatu yang diperlukan anak dan orang tua guna memahami pelajaran sains pada tingkat dasar.